Sita : (Record no. 163497)

MARC details
000 -LEADER
fixed length control field 00447nam a22001817a 4500
005 - DATE AND TIME OF LATEST TRANSACTION
control field 20190420161415.0
010 ## - LCCN (DPL NO)
LC control number B-019664
020 ## - INTERNATIONAL STANDARD BOOK NUMBER
Terms of availability 300.00
035 ## - SYSTEM CONTROL NUMBER
System control number B-019664
037 ## - SOURCE OF ACQUISITION
Source of stock number/acquisition BPPD/PUB
082 ## - DEWEY DECIMAL CLASSIFICATION NUMBER
Classification number 230.1
100 ## - MAIN ENTRY--PERSONAL NAME
Personal name Rajendra Arun
245 ## - TITLE STATEMENT
Title Sita :
Statement of responsibility, etc Rajendra Arun
Remainder of title The divin mother /
260 ## - PUBLICATION, DISTRIBUTION, ETC. (IMPRINT)
Place of publication, distribution, etc New Delhi
Name of publisher, distributor, etc Ocean Books
Date of publication, distribution, etc 2000
300 ## - PHYSICAL DESCRIPTION
Extent 281p.
Dimensions 22cm(Hb)
942 ## - ADDED ENTRY ELEMENTS (KOHA)
Source of classification or shelving scheme Dewey Decimal Classification
Item type English Books
Classification part 230.1
Call number suffix RAJ
Holdings
Withdrawn status Lost status Not for loan Collection code Home library Current library Date acquired Source of acquisition Cost, normal purchase price Full call number Barcode Copy number Cost, replacement price Koha item type
      Non-fiction Shahdara Branch Shahdara Branch 20/04/2019 BPPD/PUB 300.00 230.1 RAJ B-019664 1 300.00 English Books

© Delhi Public Library
Hit Counter
free hit counter